000 00323pam a2200145 a 4500
020 _c
041 _aeng
082 _a616.9041
_bMUR
100 _aMury, Banron.
245 _aMannual Of Cinical Mirobilogy VOL 2
_hTextual Documents
250 _a2003.
260 _a[s.l]:
_bASM Press
300 _a1212.
930 _a9450
999 _c86355
_d86355